000 00979nmc a2200337 a 4500
003 AR-BaBNM
005 20251128202951.0
008 011101s1987 ||||||||||||||000 | spa||
020 _a950-02-5779-3
040 _cAR-BaBNM
245 1 0 _aCómo evaluar por objetivos
250 _a2ª ed.
260 _aBuenos Aires
_bEl Ateneo
_c1987
300 0 _a101 p.
_btablas, diagr., il.
490 0 _aBiblioteca nuevas orientaciones de la educación. Formación docente
504 _aBibliografía: p. 101
650 4 _aEVALUACION
650 4 _aMETODOS DE EVALUACION
650 4 _aEVALUACION DEL ALUMNO
650 4 _aPLANIFICACION ESCOLAR
650 4 _aOBJETIVOS EDUCACIONALES
650 4 _aORGANIZACION DEL CURSO
653 0 _aPROCESO DE ENSENANZA-APRENDIZAJE
700 1 _aMateri, Lilia E.H. de
700 1 _aColabello, María C.
700 1 _aHopital, María C.
700 1 _aSepulcri, María B.
700 1 _aTenuta, Ana M.
942 _cBK
998 _csilvi
999 _c1308
_d1308